Most Popular Countries For International Students - Statistics

General Stats
  • This quiz has been taken 138 times
  • The average score is 9 of 10
Answer Stats
Country # of int. students % of int. students Most represented countries % Correct
United States 1,075,496 5.5% China,India,South Korea
99%
United Kingdom 551,495 22.3% China,United States,India
98%
France 358,000 13.4% Morocco,Algeria,China
95%
Canada 503,270 23.7% India,China,France
94%
Germany 302,157 11.7% China,India,Syria
94%
Japan 228,403 6.2% China,Vietnam,Nepal
93%
China 492,185 1.2% South Korea,Thailand,Pakistan
92%
Russia 353,331 8.5% Kazakhstan,China,Turkmenistan
90%
Spain 125,675 7.9% Italy,France,United States
90%
Australia 463,643 31.3% China,India,Nepal
86%
No matching quizzes found
Score Distribution
Percent of People with Each Score
Percentile by Number Answered
Your Score History
You have not taken this quiz